000 01311nam a22003377a 4500
001 03599
003 HDC
007 cr bn ---aaaaa
008 210111t2016 flu||||| |||| 00| 0 eng
020 _a1-56670-563-0
040 _aHDC
100 _aSadler, John E.
_eauthor
_93177
245 0 _aAgricultural System Models In Field Research And Technology Transfer. Chapter 12 :
_bAddressing Spatial Variability in Crop Model Applications / by
_cE. John Sadler, Edward M. Barnes, William D. Batchelor, Joel Paz, and Ayse Irmak
260 _a Boca Raton, Florida:
_bCRC Press,
_c2016
300 _a12 pages
336 _atext
_2rdacontent
337 _acomputer
_2rdamedia
338 _aonline resource
_2rdacarrier
500 _aIncludes bibliographical references
650 _aAgricultural System
_93107
650 _aCrop Model Applications
_93179
650 _aSpatial Variability
_93178
700 _aBarnes, Edward M.
_eauthor
_93180
700 _aBatchelor, William D.
_eauthor
_93181
700 _aIrmak, Ayse
_eauthor
_93183
700 _aPaz, Joel
_eauthor
_93182
856 _zRequest full-text at [email protected]
942 _2lcc
942 _cCHAP
942 _kEBCH 001631
999 _c935
_d935